Dragon ball z quiz (fr) - Statistiques

Statistiques générales
  • Ce quiz a été pris 1 925 fois
  • Le résultat moyen est 10 sur 15
Statistiques - réponses
Hint Réponse % Correct
Sayen Vegeta
98%
Cyborg C-17
88%
Cyborg C-18
88%
Sayen Son goku
78%
Fusion Vegeto
78%
Fusion Gogeta
77%
Majin Buu
68%
Cyborg Cell
67%
Terrien Krillin
60%
Dieu Beerus
57%
Race inconnue Freezer
57%
Namek Picollo
48%
Sayen Broly
38%
Cyborg Dr.Gero
30%
Race inconnu Cooler
19%
Aucun quiz correspondant
Distribution des résultats
% des personnes avec chaque résultat
Percentile par nombre de réponses
Votre historique - résultats
Vous n’avez pas pris ce quiz